000 00531nam a2200157Ia 4500
003 GCL
008 140319s9999 xx 000 0 ara d
020 _a3031269956
040 _aGCL /
_cGCL
082 0 4 _a330.03
_bر ن
100 1 _aرجب بو دبوس
245 1 0 _aنقد العقل الاقتصادى :
_bالاجتماعية - الاشتراكية (ج3) /
_cرجب بو دبوس
250 _aالاولى
260 _aالقاهرة :
_bاكاديمية الفكر الجماهيري ،
_c2003
300 _a437ص ؛
_c20سم
999 _c7651
_d7651